| 000 | 00462nam a22001817a 4500 | ||
|---|---|---|---|
| 005 | 20241017120936.0 | ||
| 008 | 241017b |||||||| |||| 00| 0 eng d | ||
| 020 | _a9789695900536 | ||
| 082 |
_a610 _bSAR-T |
||
| 100 | _aSarfraz Sakhira | ||
| 245 |
_aTibbi Encyclopedia Amraz wo Sehat-2 / _cSarfraz Sakhira |
||
| 260 |
_apakistan _bpunjab school _c2012 |
||
| 300 |
_a88p. _bill; _c27cm. |
||
| 490 | _vvol-2 | ||
| 650 | _aReference | ||
| 999 |
_c36678 _d36678 |
||